MARC

LEADER 00000nas a2200000 a 4500
001 ssj0000397803
003 WaSeSS
005 20200512172242.0
006 m d
007 cr n
008 091007c20029999cl fr pss 0 b0spa c
010 |a  2010233063 
016 7 |a 2520773-8  |2 DE-600 
022 |a 0718-6924  |l 0718-6924 
035 |a (WaSeSS)ssj0000397803 
040 |a QE2  |b eng  |c QE2  |d HEBIS  |d OCLCQ  |d GUA  |d OCLCQ  |d CUS  |d OCLCQ  |d OCLCF  |d OCLCO  |d OCLCQ  |d IUL  |d UEJ  |d WaSeSS 
042 |a pcc 
050 1 4 |a BF1 
210 1 |a Psicoperspectivas  |b (Valpso., En línea) 
222 0 |a Psicoperspectivas  |b (Valparaiso. En línea) 
245 0 0 |a Psicoperspectivas  |h [electronic resource]. 
260 |a [Viña del Mar] Chile :  |b Facultad de Filosofía y Educación, Universidad Católica de Valparaíso 
310 |a Semiannual 
362 1 |a Began with vol. 1, no. 1 (2002). 
506 |a License restrictions may limit access. 
550 |a "Revista de la Escuela de Psicología." 
588 |a Description based on: Vol. 1, no. 1 (2002); title from pdf of t.p. (publisher's Web site, viewed Dec. 7, 2010). 
588 |a Latest issue consulted: Vol. 9, no. 2 (2010) (viewed Dec. 8, 2010). 
650 0 |a Psychology  |v Periodicals. 
650 0 |a Social sciences  |v Periodicals. 
650 7 |a Psychology.  |2 fast  |0 (OCoLC)fst01081447 
650 7 |a Social sciences.  |2 fast  |0 (OCoLC)fst01122877 
655 0 |a Electronic journals. 
710 2 |a Universidad Católica de Valparaíso.  |b Facultad de Filosofía y Educación. 
710 2 |a Universidad Católica de Valparaíso.  |b Escuela de Psicología. 
710 2 |a Pontificia Universidad Católica de Valparaíso.  |b Escuela de Psicología. 
776 0 8 |i Print version, 2002-2007:  |t Psicoperspectivas  |x 0717-7798 
856 4 0 |z Full text available from PRISMA Database with HAPI Index: 01/01/2002 to 01/31/2017  |u https://search.proquest.com/publication/237812